000 01409nam a2200277Ia 4500
003 OSt
005 20200909191128.0
008 191128s2014 ck aod gr 000 0 spa d
020 _a9789585816756
040 _aCO-JMCR
_cCO-JMCR
041 0 _aspa
082 0 4 _a364.15 /
_bC397n
_223
110 2 _aCentro Nacional de Memoria Histórica
_910077
245 1 0 _aNormas y dimensiones de la desaparición forzada en Colombia /
_cCentro de Memoria Histórica
250 _aPrimera edición
260 _aBogotá :
_bCentro Nacional de Memoria Histórica,
_c2014
300 _a292 páginas :
_bilustraciones, fotografías y gráficas ;
_c23 cm.
490 0 _aDesaparición forzada
504 _aBibliografía: páginas 289-292
505 0 _aEvolución de la normatividad internacional y colombiana sobre la desaparición forzada -- Balance de fuentes oficiales y no oficiales sobre desaparición forzada y análisis cuantitativos a partir de los datos disponibles
520 3 _aEl nombre de Omaira Montoya Henao entró a la historia de las violaciones a los derechos humanos en Colombina por ser la primera persona que ha sido reconocida como una desaparición forzada por parte de agentes del Estado.
650 1 4 _aPersonas desaparecidas
_zColombia
_910078
650 1 4 _aDesplazamiento forzado
_zColombia
_98042
650 1 4 _aEstadísticas
_xvíctimas de la violencia
_zColombia
_910079
942 _2ddc
_cBK
999 _c4022
_d4022